000 00646nam a22002057a 4500
003 OSt
005 20251125135035.0
008 251125b |||||||| |||| 00| 0 eng d
020 _a 978-1-259-25208-2
040 _aDWC-Main lib
_cOC
082 _2Fourth edition
_aCirc. 550 E96 2016
100 _aReynolds, Stephen J.
245 _aExploring Geology/
_cStephen J. Reynolds
250 _aFourth edition
260 _aN.Y : .
_bMcgrawhill education ,
_cc2016.
300 _axxxii , 591 pages :
_b illustrations ;
_c28cm.
504 _aIncludes glossary and index
650 _a1. Geology
942 _2ddc
_cBK-CIRC
_eFourth edition
_kCirc.
_n0
999 _c6274
_d6274